Statistics for Countries Where Their Interest Is In Pepsi Instead Of Coca Cola

Click here to take the quiz!

General Stats

  • This quiz has been taken 31 times
  • The average score is 4 of 11

Answer Stats

ContinentAnswer% Correct
North AmericaCanada
86%
North AmericaUnited States
68%
AsiaSaudi Arabia
36%
AsiaYemen
36%
AsiaKazakhstan
32%
EuropeFinland
29%
AsiaIsrael
29%
AsiaUzbekistan
29%
AsiaBhutan
11%
EuropeSlovakia
11%
AfricaGuinea-Bissau
4%

Score Distribution

Percentile by Number Answered

Percent of People with Each Score

Your Score History

You have not taken this quiz